000
00320nam a22001457a 4500
003
SGT
020
_a
9780195629996
082
_a
920
_b
R89G
100
_a
GOPAL, SARVEPALLI
245
_a
RADHAKRISHNAN: A BIOGRAPHY
260
_b
OXFORD UNIVERSITY PRESS
_c
1989
300
_a
408
650
_a
BIOGRAPHY
942
_2
ddc
_c
BK
999
_c
28226
_d
28226